Manual de neonatología
Saved in:
| Main Authors: | , |
|---|---|
| Format: | Bog |
| Sprog: | spansk |
| Udgivet: |
Santiago
Mediterráneo
2000
|
| Udgivelse: | 2a. ed |
| Fag: | |
| Tags: |
Tilføj Tag
Ingen Tags, Vær først til at tagge denne postø!
|
MARC
| LEADER | 00000nam a2200000 a 4500 | ||
|---|---|---|---|
| 001 | UCN2867 | ||
| 003 | CL-VaPUC | ||
| 008 | 010615e20000000CL |||||||||||||||||spa|d | ||
| 082 | 0 | 4 | |a 618.9201 |b TAP |2 21 |
| 100 | 0 | |a Tapia I., José Luis |e author |9 459090 | |
| 700 | 0 | |a Ventura-Junca del T., Patricio |e author |9 459091 | |
| 245 | 1 | 0 | |a Manual de neonatología |
| 250 | |a 2a. ed | ||
| 300 | |a 657 p | ||
| 942 | |c BK | ||
| 945 | |d 20010615 00:00:00 |a cmena | ||
| 260 | |a Santiago |b Mediterráneo |c 2000 | ||
| 650 | 7 | |a NEONATOLOGIA |2 CL-VaPUC |9 459092 | |
| 650 | 0 | |a Pediatría |9 309397 | |
| 650 | 7 | |a MORTALIDAD |2 CL-VaPUC |9 341601 | |
| 650 | 7 | |a OBSTETRICIA |2 CL-VaPUC |9 310890 | |
| 650 | 0 | |a Enfermedades genéticas |9 451091 | |
| 650 | 7 | |a ENFERMEDADES DEL RECIEN NACIDO |2 CL-VaPUC |9 341869 | |
| 583 | |a last modification |c 20010615 00:00:00 |k Rodrigo Vera | ||
| 999 | |c 295887 |d 295885 | ||
| 952 | |0 0 |1 0 |4 0 |6 618_920100000000000_TAP_2000 |7 0 |8 A |9 349312 |a BIBCUR |b BIBCUR |d 2019-11-20 |i 373255K |o 618.9201 TAP 2000 |p 373255K |r 2025-04-22 |w 2019-11-20 |y BK |k KIN | ||
| 952 | |0 0 |1 0 |4 0 |6 618_920100000000000_TAP_2000 |7 0 |8 A |9 349313 |a BIBCUR |b BIBCUR |d 2019-11-20 |i 3732568 |o 618.9201 TAP 2000 |p 3732568 |r 2025-04-22 |w 2019-11-20 |y BK |k KIN | ||
| 952 | |0 0 |1 0 |4 0 |6 618_920100000000000_TAP_2000 |7 0 |8 A |9 349314 |a BIBCUR |b BIBCUR |d 2019-11-20 |i 3732576 |l 1 |o 618.9201 TAP 2000 |p 3732576 |r 2025-04-22 |s 2022-10-26 |w 2019-11-20 |y BK |k KIN | ||
| 952 | |0 0 |1 0 |4 0 |6 618_920100000000000_TAP_2000 |7 0 |8 A |9 349315 |a BIBCUR |b BIBCUR |d 2019-11-20 |i 3732584 |o 618.9201 TAP 2000 |p 3732584 |r 2025-04-22 |w 2019-11-20 |y BK |k KIN | ||
| 952 | |0 0 |1 0 |4 0 |6 618_920100000000000_TAP_2000 |7 0 |8 A |9 349316 |a BIBCUR |b BIBCUR |d 2019-11-20 |i 3732592 |o 618.9201 TAP 2000 |p 3732592 |r 2025-04-22 |w 2019-11-20 |y BK |k KIN | ||